Teaching Principles of Microeconomics (Record no. 43441)

MARC details
000 -LEADER
fixed length control field 00483nam a22001817a 4500
005 - DATE AND TIME OF LATEST TRANSACTION
control field 20250327142047.0
008 - FIXED-LENGTH DATA ELEMENTS--GENERAL INFORMATION
fixed length control field 250327b |||||||| |||| 00| 0 eng d
020 ## - INTERNATIONAL STANDARD BOOK NUMBER
International Standard Book Number 9781035323708
041 ## - LANGUAGE CODE
Language code of text/sound track or separate title eng.
082 ## - DEWEY DECIMAL CLASSIFICATION NUMBER
Classification number 338.507 MAI
100 ## - MAIN ENTRY--PERSONAL NAME
Author Maier, Mark
245 ## - TITLE STATEMENT
Title Teaching Principles of Microeconomics
260 ## - PUBLICATION, DISTRIBUTION, ETC.
Place Uk
Publisher Edward Elgar Publishing
Publication Year 2023
300 ## - PHYSICAL DESCRIPTION
Extent 278;. pages: 23 cm
650 ## - SUBJECT ADDED ENTRY--TOPICAL TERM
Subject Microeconomics-Study and Teaching
700 ## - ADDED ENTRY--PERSONAL NAME
Co-Author Ruder, Phil
942 ## - ADDED ENTRY ELEMENTS (KOHA)
Koha item type Books
Holdings
Withdrawn status Lost status Source of classification or shelving scheme Damaged status Not for loan Home library Current library Shelving location Accession Date Vendor Price Bill number Total Checkouts Full call number Barcode No Date last seen Discount Bill Date Koha item type Suggested By
    Dewey Decimal Classification     IMTN IMTN Rack 10-B 03/24/2025 Raghav Books Private Limited 3556.04 2374   338.507 MAI 33732 03/27/2025 33 02/14/2025 Books Dr. Veena Pailwar
Designed & Maintained by: LRC IMT Nagpur Contact: lrc@imtnag.ac.in© 2024. All Rights Reserved.